| 000 | 00580cam a2200169 i 4500 | ||
|---|---|---|---|
| 005 | 20260617125603.0 | ||
| 020 | _a9789356401983 | ||
| 082 | _a327.54 BAJ/C | ||
| 100 | 1 |
_aBajpai, Ravi Dutt, _eauthor. _916362 |
|
| 245 | 1 | 0 |
_aCivilization-states of China and India : _breshaping the world order / _cby Ravi Dutt Bajpai. |
| 260 |
_a. - New Delhi _b: Bloomsburry _c, 2024 |
||
| 300 | _axiv, 269 pages ; | ||
| 504 | _aIncludes bibliographical references (pages 233-260) and index. | ||
| 650 | 0 |
_aCivilization, Oriental. _916363 |
|
| 650 | 0 | _aInternational relations | |
| 942 |
_2ddc _cBK |
||
| 999 |
_c760714 _d760714 |
||